000 00470nam a2200181Ia 4500
001 44851
008 140428s9999 xx 000 0 und d
020 _aNA
040 _cPK-LaUMT
082 _aRHC 297.65095491
_bAHM-P
100 _aAhmad Raef
245 _aPakistan aur jamaat-e-Islami (Urdu)
_cAhmad Raef
260 _aFaisalabad,Pakistan:
_bMisal Publishers,
_c1986
300 _a176 p.
546 _aUR
650 _aIsalmic organization-Pakistan
942 _cBK
999 _c42830
_d42830